<?xml version="1.0" encoding="UTF-8"?>
<record
    xmlns:xsi="http://www.w3.org/2001/XMLSchema-instance"
    xsi:schemaLocation="http://www.loc.gov/MARC21/slim http://www.loc.gov/standards/marcxml/schema/MARC21slim.xsd"
    xmlns="http://www.loc.gov/MARC21/slim">

  <leader>01263nam a2200229Ia 4500</leader>
  <datafield tag="999" ind1=" " ind2=" ">
    <subfield code="c">52394</subfield>
    <subfield code="d">52394</subfield>
  </datafield>
  <controlfield tag="001">19414</controlfield>
  <controlfield tag="003">GE_BSU</controlfield>
  <controlfield tag="005">20200311183914.0</controlfield>
  <controlfield tag="008">181216s1938||||ge |||||||||||||| ||geo||</controlfield>
  <datafield tag="040" ind1=" " ind2=" ">
    <subfield code="c">GE_BSU</subfield>
  </datafield>
  <datafield tag="041" ind1=" " ind2=" ">
    <subfield code="a">geo</subfield>
  </datafield>
  <datafield tag="080" ind1=" " ind2=" ">
    <subfield code="a">811.353.1(058) &#x10DB;-80</subfield>
  </datafield>
  <datafield tag="245" ind1=" " ind2=" ">
    <subfield code="a">  &#x10D0;&#x10D9;&#x10D0;&#x10D3;. &#x10DC;. &#x10DB;&#x10D0;&#x10E0;&#x10D8;&#x10E1; &#x10E1;&#x10D0;&#x10EE;&#x10D4;&#x10DA;&#x10DD;&#x10D1;&#x10D8;&#x10E1; &#x10D4;&#x10DC;&#x10D8;&#x10E1;, &#x10D8;&#x10E1;&#x10E2;&#x10DD;&#x10E0;&#x10D8;&#x10D8;&#x10E1;&#x10D0; &#x10D3;&#x10D0; &#x10DB;&#x10D0;&#x10E2;&#x10D4;&#x10E0;&#x10D8;&#x10D0;&#x10DA;&#x10E3;-&#x10E0;&#x10D8; &#x10D9;&#x10E3;&#x10DA;&#x10E2;&#x10E3;&#x10E0;&#x10D8;&#x10E1; &#x10D8;&#x10DC;&#x10E1;&#x10E2;&#x10D8;&#x10E2;&#x10E3;&#x10E2;&#x10D8;&#x10E1; &#x10DB;&#x10DD;&#x10D0;&#x10DB;&#x10D1;&#x10D4; &#x418;&#x437;&#x432;&#x435;&#x441;&#x442;&#x438;&#x44F; &#x438;&#x43D;&#x441;&#x442;&#x438;&#x442;&#x443;&#x442;&#x430; &#x44F;&#x437;&#x44B;&#x43A;&#x430;, &#x438;&#x441;&#x442;&#x43E;&#x440;&#x438;&#x438; &#x438; &#x43C;&#x430;&#x442;&#x435;&#x440;&#x438;&#x430;&#x43B;&#x44C;&#x43D;&#x43E;&#x439; &#x43A;&#x443;&#x43B;&#x44C;&#x442;&#x443;&#x440;&#x44B; &#x438;&#x43C;. &#x430;&#x43A;&#x430;&#x434;. &#x41D;.&#x42F;. &#x41C;&#x430;&#x440;&#x440;&#x430; = Bulletin De L'Institut Marr De Langues, D'Histoire et De Culture Materielle :</subfield>
    <subfield code="b">&#x10DB;&#x10DD;&#x10D0;&#x10DB;&#x10D1;&#x10D4; IV (1)</subfield>
    <subfield code="c">&#x10E0;&#x10D4;&#x10D3;. &#x10E1;&#x10D8;&#x10DB;&#x10DD;&#x10DC; &#x10EF;&#x10D0;&#x10DC;&#x10D0;&#x10E8;&#x10D8;&#x10D0;.</subfield>
  </datafield>
  <datafield tag="264" ind1=" " ind2=" ">
    <subfield code="a">&#x10E2;&#x10E4;&#x10D8;&#x10DA;&#x10D8;&#x10E1;&#x10D8; :</subfield>
    <subfield code="b">&#x10DB;&#x10D4;&#x10EA;&#x10DC;. &#x10D0;&#x10D9;&#x10D0;&#x10D3;. &#x10E1;&#x10D0;&#x10E5;. &#x10E4;&#x10D8;&#x10DA;&#x10D8;&#x10D0;&#x10DA;&#x10D8;&#x10E1; &#x10D2;&#x10D0;&#x10DB;-&#x10D1;&#x10D0;,</subfield>
    <subfield code="c">1938.</subfield>
  </datafield>
  <datafield tag="300" ind1=" " ind2=" ">
    <subfield code="a">72 &#x10D2;&#x10D5;. ;</subfield>
    <subfield code="c">24 &#x10E1;&#x10DB;.</subfield>
  </datafield>
  <datafield tag="520" ind1=" " ind2=" ">
    <subfield code="a">(&#x10D4;&#x10DC;&#x10D8;&#x10DB;&#x10D9;&#x10D8;&#x10E1;) &#x10DB;&#x10DD;&#x10D0;&#x10DB;&#x10D1;&#x10D4;</subfield>
  </datafield>
  <datafield tag="541" ind1=" " ind2=" ">
    <subfield code="h">60&#x10D7;.</subfield>
  </datafield>
  <datafield tag="653" ind1=" " ind2=" ">
    <subfield code="a">&#x10D4;&#x10DC;&#x10D0;&#x10D7;&#x10DB;&#x10D4;&#x10EA;&#x10DC;&#x10D8;&#x10D4;&#x10E0;&#x10D4;&#x10D1;&#x10D0;</subfield>
  </datafield>
  <datafield tag="653" ind1=" " ind2=" ">
    <subfield code="a">&#x10DB;&#x10DD;&#x10D0;&#x10DB;&#x10D1;&#x10D4; IV (1)</subfield>
  </datafield>
  <datafield tag="700" ind1=" " ind2=" ">
    <subfield code="a">&#x10EF;&#x10D0;&#x10DC;&#x10D0;&#x10E8;&#x10D8;&#x10D0;, &#x10E1;&#x10D8;&#x10DB;&#x10DD;&#x10DC;</subfield>
    <subfield code="e">&#x10E0;&#x10D4;&#x10D3;&#x10D0;&#x10E5;&#x10E2;&#x10DD;&#x10E0;&#x10D8;</subfield>
    <subfield code="9">7707</subfield>
  </datafield>
  <datafield tag="942" ind1=" " ind2=" ">
    <subfield code="c">BK</subfield>
    <subfield code="2">udc</subfield>
  </datafield>
  <datafield tag="952" ind1=" " ind2=" ">
    <subfield code="0">0</subfield>
    <subfield code="1">0</subfield>
    <subfield code="2">udc</subfield>
    <subfield code="4">0</subfield>
    <subfield code="6">8113531058_&#x10DB;80</subfield>
    <subfield code="7">0</subfield>
    <subfield code="9">72661</subfield>
    <subfield code="a">CPL</subfield>
    <subfield code="b">CPL</subfield>
    <subfield code="c">GEN</subfield>
    <subfield code="d">2018-12-17</subfield>
    <subfield code="g">0.60</subfield>
    <subfield code="o">811.353.1(058) &#x10DB;-80</subfield>
    <subfield code="p">48303</subfield>
    <subfield code="r">2018-12-17</subfield>
    <subfield code="t">48303</subfield>
    <subfield code="w">2018-12-17</subfield>
    <subfield code="y">BK</subfield>
    <subfield code="z">0.60 &#x10DA;.</subfield>
  </datafield>
  <datafield tag="952" ind1=" " ind2=" ">
    <subfield code="0">0</subfield>
    <subfield code="1">0</subfield>
    <subfield code="2">udc</subfield>
    <subfield code="4">0</subfield>
    <subfield code="6">8113531058_&#x10DB;80</subfield>
    <subfield code="7">0</subfield>
    <subfield code="9">72662</subfield>
    <subfield code="a">CPL</subfield>
    <subfield code="b">CPL</subfield>
    <subfield code="c">GEN</subfield>
    <subfield code="d">2018-12-17</subfield>
    <subfield code="g">0.60</subfield>
    <subfield code="o">811.353.1(058) &#x10DB;-80</subfield>
    <subfield code="p">48304</subfield>
    <subfield code="r">2018-12-17</subfield>
    <subfield code="t">48304</subfield>
    <subfield code="w">2018-12-17</subfield>
    <subfield code="y">BK</subfield>
    <subfield code="z">0.60 &#x10DA;.</subfield>
  </datafield>
  <datafield tag="952" ind1=" " ind2=" ">
    <subfield code="0">0</subfield>
    <subfield code="1">0</subfield>
    <subfield code="2">udc</subfield>
    <subfield code="4">0</subfield>
    <subfield code="6">8113531058_&#x10DB;80</subfield>
    <subfield code="7">0</subfield>
    <subfield code="9">72663</subfield>
    <subfield code="a">CPL</subfield>
    <subfield code="b">CPL</subfield>
    <subfield code="c">GEN</subfield>
    <subfield code="d">2018-12-17</subfield>
    <subfield code="g">0.60</subfield>
    <subfield code="o">811.353.1(058) &#x10DB;-80</subfield>
    <subfield code="p">48305</subfield>
    <subfield code="r">2018-12-17</subfield>
    <subfield code="t">48305</subfield>
    <subfield code="w">2018-12-17</subfield>
    <subfield code="y">BK</subfield>
    <subfield code="z">0.60 &#x10DA;.</subfield>
  </datafield>
  <datafield tag="952" ind1=" " ind2=" ">
    <subfield code="0">0</subfield>
    <subfield code="1">0</subfield>
    <subfield code="2">udc</subfield>
    <subfield code="4">0</subfield>
    <subfield code="6">8113531058_&#x10DB;80</subfield>
    <subfield code="7">0</subfield>
    <subfield code="9">72664</subfield>
    <subfield code="a">CPL</subfield>
    <subfield code="b">CPL</subfield>
    <subfield code="c">GEN</subfield>
    <subfield code="d">2018-12-17</subfield>
    <subfield code="g">0.60</subfield>
    <subfield code="o">811.353.1(058) &#x10DB;-80</subfield>
    <subfield code="p">48306</subfield>
    <subfield code="r">2018-12-17</subfield>
    <subfield code="t">48306</subfield>
    <subfield code="w">2018-12-17</subfield>
    <subfield code="y">BK</subfield>
    <subfield code="z">0.60 &#x10DA;.</subfield>
  </datafield>
  <datafield tag="952" ind1=" " ind2=" ">
    <subfield code="0">0</subfield>
    <subfield code="1">0</subfield>
    <subfield code="2">udc</subfield>
    <subfield code="4">0</subfield>
    <subfield code="6">8113531058_&#x10DB;80</subfield>
    <subfield code="7">0</subfield>
    <subfield code="9">72665</subfield>
    <subfield code="a">CPL</subfield>
    <subfield code="b">CPL</subfield>
    <subfield code="c">GEN</subfield>
    <subfield code="d">2018-12-17</subfield>
    <subfield code="g">0.60</subfield>
    <subfield code="o">811.353.1(058) &#x10DB;-80</subfield>
    <subfield code="p">48307</subfield>
    <subfield code="r">2018-12-17</subfield>
    <subfield code="t">48307</subfield>
    <subfield code="w">2018-12-17</subfield>
    <subfield code="y">BK</subfield>
    <subfield code="z">0.60 &#x10DA;.</subfield>
  </datafield>
  <datafield tag="952" ind1=" " ind2=" ">
    <subfield code="0">0</subfield>
    <subfield code="1">0</subfield>
    <subfield code="2">udc</subfield>
    <subfield code="4">0</subfield>
    <subfield code="6">8113531058_&#x10DB;80</subfield>
    <subfield code="7">0</subfield>
    <subfield code="9">72666</subfield>
    <subfield code="a">CPL</subfield>
    <subfield code="b">CPL</subfield>
    <subfield code="c">GEN</subfield>
    <subfield code="d">2018-12-17</subfield>
    <subfield code="g">0.60</subfield>
    <subfield code="o">811.353.1(058) &#x10DB;-80</subfield>
    <subfield code="p">48308</subfield>
    <subfield code="r">2018-12-17</subfield>
    <subfield code="t">48308</subfield>
    <subfield code="w">2018-12-17</subfield>
    <subfield code="y">BK</subfield>
    <subfield code="z">0.60 &#x10DA;.</subfield>
  </datafield>
  <datafield tag="952" ind1=" " ind2=" ">
    <subfield code="0">0</subfield>
    <subfield code="1">0</subfield>
    <subfield code="2">udc</subfield>
    <subfield code="4">0</subfield>
    <subfield code="6">8113531058_&#x10DB;80</subfield>
    <subfield code="7">0</subfield>
    <subfield code="9">72667</subfield>
    <subfield code="a">CPL</subfield>
    <subfield code="b">CPL</subfield>
    <subfield code="c">GEN</subfield>
    <subfield code="d">2018-12-17</subfield>
    <subfield code="g">0.60</subfield>
    <subfield code="o">811.353.1(058) &#x10DB;-80</subfield>
    <subfield code="p">48309</subfield>
    <subfield code="r">2018-12-17</subfield>
    <subfield code="t">48309</subfield>
    <subfield code="w">2018-12-17</subfield>
    <subfield code="y">BK</subfield>
    <subfield code="z">0.60 &#x10DA;.</subfield>
  </datafield>
  <datafield tag="952" ind1=" " ind2=" ">
    <subfield code="0">0</subfield>
    <subfield code="1">0</subfield>
    <subfield code="2">udc</subfield>
    <subfield code="4">0</subfield>
    <subfield code="6">8113531058_&#x10DB;80</subfield>
    <subfield code="7">0</subfield>
    <subfield code="9">72668</subfield>
    <subfield code="a">CPL</subfield>
    <subfield code="b">CPL</subfield>
    <subfield code="c">GEN</subfield>
    <subfield code="d">2018-12-17</subfield>
    <subfield code="g">0.60</subfield>
    <subfield code="o">811.353.1(058) &#x10DB;-80</subfield>
    <subfield code="p">48310</subfield>
    <subfield code="r">2018-12-17</subfield>
    <subfield code="t">48310</subfield>
    <subfield code="w">2018-12-17</subfield>
    <subfield code="y">BK</subfield>
    <subfield code="z">0.10 &#x10DA;.</subfield>
  </datafield>
  <datafield tag="952" ind1=" " ind2=" ">
    <subfield code="0">0</subfield>
    <subfield code="1">0</subfield>
    <subfield code="2">udc</subfield>
    <subfield code="4">0</subfield>
    <subfield code="6">8113531058_&#x10DB;80</subfield>
    <subfield code="7">0</subfield>
    <subfield code="9">72669</subfield>
    <subfield code="a">CPL</subfield>
    <subfield code="b">CPL</subfield>
    <subfield code="c">GEN</subfield>
    <subfield code="d">2018-12-17</subfield>
    <subfield code="g">0.60</subfield>
    <subfield code="o">811.353.1(058) &#x10DB;-80</subfield>
    <subfield code="p">48311</subfield>
    <subfield code="r">2018-12-17</subfield>
    <subfield code="t">48311</subfield>
    <subfield code="w">2018-12-17</subfield>
    <subfield code="y">BK</subfield>
    <subfield code="z">0.60 &#x10DA;.</subfield>
  </datafield>
  <datafield tag="952" ind1=" " ind2=" ">
    <subfield code="0">0</subfield>
    <subfield code="1">0</subfield>
    <subfield code="2">udc</subfield>
    <subfield code="4">0</subfield>
    <subfield code="6">8113531058_&#x10DB;80</subfield>
    <subfield code="7">0</subfield>
    <subfield code="9">72670</subfield>
    <subfield code="a">CPL</subfield>
    <subfield code="b">CPL</subfield>
    <subfield code="c">GEN</subfield>
    <subfield code="d">2018-12-17</subfield>
    <subfield code="g">0.60</subfield>
    <subfield code="o">811.353.1(058) &#x10DB;-80</subfield>
    <subfield code="p">48312</subfield>
    <subfield code="r">2018-12-17</subfield>
    <subfield code="t">48312</subfield>
    <subfield code="w">2018-12-17</subfield>
    <subfield code="y">BK</subfield>
    <subfield code="z">0.60 &#x10DA;.</subfield>
  </datafield>
  <datafield tag="952" ind1=" " ind2=" ">
    <subfield code="0">0</subfield>
    <subfield code="1">0</subfield>
    <subfield code="2">udc</subfield>
    <subfield code="4">0</subfield>
    <subfield code="6">8113531058_&#x10DB;80</subfield>
    <subfield code="7">0</subfield>
    <subfield code="9">72671</subfield>
    <subfield code="a">CPL</subfield>
    <subfield code="b">CPL</subfield>
    <subfield code="c">GEN</subfield>
    <subfield code="d">2018-12-17</subfield>
    <subfield code="g">0.60</subfield>
    <subfield code="o">811.353.1(058) &#x10DB;-80</subfield>
    <subfield code="p">51730</subfield>
    <subfield code="r">2018-12-17</subfield>
    <subfield code="t">51730</subfield>
    <subfield code="w">2018-12-17</subfield>
    <subfield code="y">BK</subfield>
    <subfield code="z">0.60 &#x10DA;.</subfield>
  </datafield>
</record>
